000 01123nam a22002297a 4500
999 _c61886
_d61886
003 Ge_BSU
005 20240603162935.0
008 240603s2024 ge ||||| |||| 00| 0 geo d
041 _ageo
080 _a94(479.223) ც-51
100 _aცეცხლაძე, შოთა
_91699
245 _aშუბანი და შუბნელები /
_cშოთა ცეცხლაძე; რედ. დიმიტრი ცეცხლაძე; გარეკანის დიზანი მარია ქურციკიძე.
250 _aმეორე შევსებული და შესწორებული გამოცემა
264 _aბათუმი,
_c2024.
300 _a458 გვ.:
_bილ.;
_c22 სმ.
653 _aისტორია
653 _aშუბანი
700 _aცეცხლაძე, დიმიტრი
_eრედაქტორი
_912173
700 _aქურციკიძე, მარია
_eგარეკანის დიზანი
_922294
773 _tნაჩუქარი
942 _2udc
_cᲬᲘᲒᲜᲘ